[Event "AUTO-INT-1455"]
[Site "http://www.queenalice.com/game.php?id=656074"]
[Date "2009.9.21"]
[Round "1"]
[White "ichabod"]
[Black "naves"]
[Result "1-0"]
[WhiteElo "1526"]
[BlackElo "1563"]

1. e4 d5 2. Nc3 Nf6 3. f3 e6 4. e5 Nh5 5. g4 Nf4 6. d4 Qh4+ 7. Kd2 Nc6 8. Nb5
Qf2+ 9. Kc3 Bb4+ 10. Kb3 a5 11. Nxc7+ Kf8 12. Nxa8 Bd7 13. Bxf4 Nxd4+ 14. Qxd4
Qxd4 15. c3 Qxf4 16. cxb4 Qe3+ 17. Kc2 axb4 18. Ne2 Bb5 19. a4 Qd3+ 20. Kc1 b3
21. Nd4 Qe3+ 22. Kd1 Qxd4+ 23. Ke1 Qxb2 24. axb5 Qxa1+ 25. Kd2 Qa2+ 26. Kc3 Qc2+
27. Kb4 b2 28. Bh3 Ke7 29. Nb6 d4 30. Re1 Qc3+ 31. Ka4 1-0

[Event "AUTO-INT-1455"]
[Site "http://www.queenalice.com/game.php?id=656075"]
[Date "2009.9.21"]
[Round "1"]
[White "naves"]
[Black "ichabod"]
[Result "0-1"]
[WhiteElo "1546"]
[BlackElo "1543"]

1. e4 e5 2. Qh5 Qf6 3. b3 g6 4. Qf3 Qxf3 5. Nxf3 Nf6 6. Bc4 Nxe4 7. d3 Nd6 8.
O-O Nxc4 9. Re1 Nd6 10. Nxe5 Be7 11. Nc3 O-O 12. Bb2 Bf6 13. Nd5 Bxe5 14. Bxe5
f6 15. Nxc7 fxe5 16. Rxe5 Rf5 17. d4 Rxe5 18. dxe5 Ne4 19. Re1 Nc3 20. a4 a5 21.
Nxa8 Nc6 22. Nb6 Ne7 23. g4 Ncd5 24. Nc4 b6 25. Rd1 Bb7 26. Rd4 g5 27. Nd6 Bc6
28. Ne4 Nb4 29. c4 Bxe4 0-1

[Event "AUTO-INT-1455"]
[Site "http://www.queenalice.com/game.php?id=656082"]
[Date "2009.9.21"]
[Round "1"]
[White "naves"]
[Black "marcelob2"]
[Result "0-1"]
[WhiteElo "1568"]
[BlackElo "1854"]

1. e4 c5 2. Bc4 Nc6 3. Qf3 Nf6 4. b3 e6 5. Bb2 Be7 6. e5 Nd5 7. Nh3 O-O 8. Qe4
b6 9. Bd3 g6 10. Nf4 Nxf4 11. Qxf4 Bb7 12. Qh6 Nd4 13. O-O Nf5 14. Bxf5 Bg5 15.
Qh3 exf5 16. f4 Be7 17. Re1 Re8 18. Qh6 Bf8 19. Qh3 Bg7 20. Na3 Bc6 21. Nc4 d5
22. Nd6 Re6 23. Nxf5 gxf5 24. Rf1 d4 25. Rae1 Qd5 26. Rf2 Rae8 27. Qxf5 Rg6 28.
h4 Rxg2+ 29. Kf1 Rxf2+ 30. Kxf2 Qf3+ 31. Kg1 Qg2# 0-1

[Event "AUTO-INT-1455"]
[Site "http://www.queenalice.com/game.php?id=656083"]
[Date "2009.9.21"]
[Round "1"]
[White "marcelob2"]
[Black "naves"]
[Result "1-0"]
[WhiteElo "1735"]
[BlackElo "1552"]

1. e4 d5 2. exd5 Qxd5 3. Nc3 Qe5+ 4. Nge2 Nf6 5. g3 Qc5 6. Bg2 Ng4 7. O-O e6 8.
d4 Qe7 9. Nf4 Qf6 10. Re1 c6 11. Ne4 Qd8 12. Nd3 Qxd4 13. Qxg4 Na6 14. Be3 e5
15. Qf3 Qc4 16. Nxe5 Qxc2 17. Qxf7+ Kd8 18. Bg5+ Be7 19. Qxe7# 1-0

[Event "Stardust Champ"]
[Site "http://www.queenalice.com/game.php?id=706776"]
[Date "2010.1.1"]
[Round "3"]
[White "naves"]
[Black "jumping"]
[Result "0-1"]
[WhiteElo "1472"]
[BlackElo "1726"]

1. e4 e5 2. Nf3 Nc6 3. Nc3 Nf6 4. d4 exd4 5. Nxd4 Bb4 6. a3 Bxc3+ 7. bxc3 Nxe4
8. Qe2 d5 9. f3 Qe7 10. Nf5 Bxf5 11. a4 Nxc3 12. Qxe7+ Nxe7 13. Be3 O-O 14. g4
Bxc2 15. Kd2 Bxa4 16. Kxc3 Bc6 17. Bc5 Rfe8 18. Bd3 b6 19. Bd4 a5 20. Rhg1 Bd7
21. h4 b5 22. h5 b4+ 23. Kd2 b3 24. Rh1 a4 25. h6 g6 26. Rhg1 a3 27. f4 b2 28.
Ra2 Reb8 29. f5 g5 30. Bf6 Kf8 31. Bxg5 Bb5 32. Bb1 Bc4 33. f6 Ng6 34. Kc3 Bxa2
35. Bxa2 c5 36. Bd2 d4+ 37. Kc4 Rc8 38. Rd1 Ne5+ 39. Kb5 Rab8+ 40. Ka4 Rc6 41.
Re1 Ra6+ 42. Ba5 Rb4+ 0-1

[Event "Stardust Champ"]
[Site "http://www.queenalice.com/game.php?id=732039"]
[Date "2010.2.14"]
[Round "4"]
[White "naves"]
[Black "BrooklynBenjamin"]
[Result "0-1"]
[WhiteElo "1472"]
[BlackElo "1543"]

1. e4 c5 2. Nh3 Nc6 3. b3 Nf6 4. Bc4 Nxe4 5. Qf3 d5 6. Bb5 Bd7 7. d3 Nd6 8. Qxd5
Nb4 9. Qh5 Nxc2+ 10. Kd1 Nxa1 11. Bc4 g6 12. Qf3 Bg7 13. Ng5 O-O 14. Nd2 e6 15.
Nde4 Nf5 16. Nxc5 b5 17. Qh3 h6 18. Nce4 hxg5 19. Nxg5 Bh6 20. Bb2 Qxg5 21. Re1
Qd2# 0-1

[Event "AUTO-INT-1652"]
[Site "http://www.queenalice.com/game.php?id=751139"]
[Date "2010.3.24"]
[Round "1"]
[White "Ieie"]
[Black "naves"]
[Result "1-0"]
[WhiteElo "1642"]
[BlackElo "1439"]

1. Nf3 e6 2. c4 Bc5 3. d4 Bb4+ 4. Bd2 a5 5. Qa4 Na6 6. a3 Bd6 7. Qxa5 Ne7 8. c5
Nc6 9. Qa4 Qf6 10. cxd6 cxd6 11. Bc3 d5 12. e3 Rb8 13. b4 Ra8 14. Qd1 Ne7 15.
Be2 Nc7 16. O-O d6 17. Nbd2 Qg6 18. Re1 e5 19. dxe5 Bh3 20. Bf1 dxe5 21. Bxe5
Rc8 22. Rc1 Ne6 23. Qa4+ Nc6 24. Bd6 Rd8 25. Ne5 Qg5 26. Ndf3 Qh6 27. Nxc6 Rxd6
28. Nce5+ Ke7 29. b5 f6 30. Nd3 Ng5 31. Nxg5 Qxg5 32. b6 f5 33. Rc7+ Kf6 34.
Qd4+ Kg6 35. Qxg7+ Kh5 36. Nf4+ Kh4 37. g3+ Kg4 38. Bxh3+ Kf3 39. Qxg5 1-0

[Event "AUTO-INT-1652"]
[Site "http://www.queenalice.com/game.php?id=751140"]
[Date "2010.3.24"]
[Round "1"]
[White "naves"]
[Black "Ieie"]
[Result "0-1"]
[WhiteElo "1431"]
[BlackElo "1650"]

1. e4 e5 2. Qh5 Nc6 3. Bc4 g6 4. Qf3 Nf6 5. c3 d6 6. g4 Bxg4 7. Qg3 Bh6 8. Qh4
Bh5 9. f3 Bf8 10. d3 Be7 11. f4 Nxe4 12. Qh3 Bh4+ 13. Kf1 Nf2 14. Qg2 Qd7 15. h3
Nxh1 16. Qe4 Ng3+ 17. Kg2 Nxe4 18. dxe4 f5 19. Nf3 fxe4 20. Nxh4 Rf8 21. Nd2 e3
22. Nb3 exf4 23. Bd5 O-O-O 24. a4 Ne5 25. Nd4 c6 26. Be6 f3+ 27. Kf1 e2+ 28. Kf2
Nd3+ 29. Ke3 e1=Q+ 30. Kxd3 Qdxe6 31. Nxe6 Qxe6 32. Be3 Qd5+ 33. Kc2 Qe4+ 34.
Kd2 Qxh4 35. Rf1 Qxh3 36. b4 Qxf1 37. Bxa7 Qe2+ 38. Kc1 f2 39. Bxf2 Rxf2 0-1

[Event "AUTO-INT-1652"]
[Site "http://www.queenalice.com/game.php?id=751155"]
[Date "2010.3.24"]
[Round "1"]
[White "maurice91"]
[Black "naves"]
[Result "1-0"]
[WhiteElo "1670"]
[BlackElo "1448"]

1. f4 e6 2. Nf3 Nc6 3. e3 Nh6 4. Be2 Nf5 5. O-O Qf6 6. d4 Nb4 7. c3 Nd5 8. e4
Nb6 9. exf5 Qxf5 10. Be3 Bd6 11. Bd3 Qg4 12. Ne5 Qh4 13. f5 Bxe5 14. dxe5 Nd5
15. Bf2 Qg5 16. fxe6 Nf4 17. exf7+ Kd8 18. Bg3 Ne6 19. Bc4 Ke7 20. Qe1 b6 21.
Bxe6 dxe6 22. Bh4 Qxh4 23. Qxh4+ Kd7 24. f8=Q Rxf8 25. Rxf8 Bb7 26. Rf7+ Kc8 27.
Qe7 1-0

[Event "AUTO-INT-1652"]
[Site "http://www.queenalice.com/game.php?id=751156"]
[Date "2010.3.24"]
[Round "1"]
[White "naves"]
[Black "maurice91"]
[Result "0-1"]
[WhiteElo "1461"]
[BlackElo "1705"]

1. e4 d6 2. Bd3 e5 3. Qf3 Nf6 4. Nc3 Bg4 5. Qe3 Nbd7 6. h3 Be6 7. b3 Nc5 8. Bb5+
c6 9. b4 Ncxe4 10. Be2 Nxc3 11. Qxc3 Nd5 12. Qb2 Be7 13. b5 Bf6 14. bxc6 bxc6
15. c4 Nb6 16. c5 dxc5 17. Bb5 Rc8 18. Be2 e4 19. Qa3 Bxa1 20. f3 Qc7 21. fxe4
Bd4 22. Qf3 O-O 23. Bd3 c4 24. Ne2 Be5 25. Bc2 c5 26. g4 g6 27. Ba3 Rfd8 28. h4
Qd7 29. Rg1 Bg7 30. Bc1 a5 31. Nc3 Bd4 32. Rf1 Bxg4 33. Qf4 Bh5 34. Qg5 Bg7 35.
Rf2 Re8 36. Bb2 Na4 37. Bxa4 Rxe4+ 38. Nxe4 Qxa4 39. Nf6+ Bxf6 40. Rxf6 Qd1+ 41.
Kf2 Qe2+ 42. Kg1 Qg4+ 43. Qxg4 Bxg4 44. Rf4 Be6 45. a4 Rb8 46. Bc3 Rb1+ 47. Kg2
Bd5+ 48. Kg3 Rg1+ 49. Kf2 Rg2+ 50. Kf1 Rg3 51. Bxa5 Ra3 52. Bb6 Rxa4 53. Bxc5 f5
54. Rd4 Be6 55. Kf2 Ra5 56. Be7 Kf7 57. Bb4 Rb5 58. Bc3 Rb1 59. Ke3 Rh1 60. Bb4
h6 61. Kf4 Rxh4+ 62. Ke5 Rxd4 63. Kxd4 g5 64. Bd6 f4 65. Ke4 Kg6 0-1

[Event "AUTO-INT-1652"]
[Site "http://www.queenalice.com/game.php?id=751165"]
[Date "2010.3.24"]
[Round "1"]
[White "V_Spy"]
[Black "naves"]
[Result "0-1"]
[WhiteElo "1368"]
[BlackElo "1463"]

1. d4 Nf6 2. Nf3 d5 3. Nc3 b5 4. Nxb5 c6 5. Nc3 e6 6. Bg5 Qb6 7. Ne5 Qxb2 8. Na4
Qb4+ 9. c3 Qd6 10. g3 Ne4 11. h4 h6 12. f3 Nxg3 13. Rg1 Nf5 14. Bf4 Qe7 15. Rg4
Nxh4 16. Kd2 Nf5 17. Nc5 Nd6 18. Ke1 Qd8 19. Rb1 Qa5 20. Qd2 h5 21. c4 Qa3 22.
Rh4 Be7 23. Rb3 Bxh4+ 24. Kd1 Nxc4 25. Qc1 Qxa2 26. Rb1 Ba6 27. Nxa6 Nxa6 28.
Nxc4 dxc4 29. e3 Qf2 30. Qc3 Qxf1+ 31. Kc2 Qe2+ 32. Qd2 Qxf3 0-1

[Event "AUTO-INT-1652"]
[Site "http://www.queenalice.com/game.php?id=751166"]
[Date "2010.3.24"]
[Round "1"]
[White "naves"]
[Black "V_Spy"]
[Result "0-1"]
[WhiteElo "1475"]
[BlackElo "1533"]

1. e4 e5 2. Nf3 Nc6 3. g3 Nf6 4. Bc4 Nxe4 5. d3 Bb4+ 6. Bd2 Nxd2 7. Nfxd2 Qg5 8.
Qf3 O-O 9. O-O d6 10. Ne4 Qe7 11. h4 h6 12. h5 Na5 13. c3 Bc5 14. b4 Nxc4 15.
dxc4 Bb6 16. Na3 Be6 17. g4 Qh4 18. Rad1 Bxg4 19. Qg3 Qxg3+ 20. Nxg3 Bxd1 21.
Rxd1 a5 22. Nc2 axb4 23. cxb4 Rxa2 24. Ne3 Rfa8 25. Nef5 Bxf2+ 26. Kg2 Bb6+ 27.
Kh3 R8a4 28. Rg1 R4a3 29. Kh4 Bxg1 30. Ne7+ Kh7 31. b5 Bf2 32. Nf5 g6 33. hxg6+
fxg6 34. Ne7 Bxg3+ 35. Kg4 h5+ 36. Kg5 Rf3 37. Nxg6 Raf2 38. Ne7 Bf4+ 39. Kxh5
Rh2+ 40. Kg4 Rg3+ 41. Kf5 Kg7 42. Nc8 Kf7 43. Na7 Re2 0-1

[Event "AUTO-INT-1667"]
[Site "http://www.queenalice.com/game.php?id=758231"]
[Date "2010.4.8"]
[Round "1"]
[White "naves"]
[Black "Felipe_Hawk"]
[Result "0-1"]
[WhiteElo "1459"]
[BlackElo "1592"]

1. e4 e5 2. Qh5 d6 3. Bc4 Nh6 4. d4 exd4 5. Bxh6 Qf6 6. Bg5 Qg6 7. Qh4 f6 8. Bf4
Qxe4+ 9. Ne2 Qxc2 10. b3 d3 11. Qh5+ g6 12. Qd5 Qxe2# 0-1

[Event "AUTO-INT-1667"]
[Site "http://www.queenalice.com/game.php?id=758232"]
[Date "2010.4.8"]
[Round "1"]
[White "Felipe_Hawk"]
[Black "naves"]
[Result "1-0"]
[WhiteElo "1589"]
[BlackElo "1449"]

1. e4 e5 2. Nf3 Nc6 3. Bc4 Qf6 4. O-O Qf4 5. d3 Qf6 6. Bg5 Qg6 7. Qd2 h6 8. Bh4
d5 9. Bxd5 Nce7 10. Nxe5 Qh7 11. Bxf7+ Kd8 12. Nc3 Nf6 13. Nb5 g5 14. Bg3 a6 15.
Nd4 h5 16. f3 g4 17. Bc4 h4 18. Bf4 Qg7 19. Nf7+ Ke8 20. Nxh8 gxf3 21. Nxf3 h3
22. g3 Qxh8 23. Bxc7 Ra7 24. Bb6 Ra8 25. Ng5 Bh6 26. Bd4 Bg7 27. Qf4 Nc6 28.
Bxf6 b5 29. Bxg7 Qxg7 30. Be6 Nd4 31. Qg4 Bxe6 32. Qh4 Ne2+ 33. Kh1 Bd7 34. Rf2
Qxb2 35. Raf1 Qxc2 36. Rf8+ 1-0

[Event "AUTO-INT-1667"]
[Site "http://www.queenalice.com/game.php?id=758233"]
[Date "2010.4.8"]
[Round "1"]
[White "naves"]
[Black "code_5541"]
[Result "1-0"]
[WhiteElo "1439"]
[BlackElo "1682"]

1. e4 e5 2. Qh5 Nc6 3. Bc4 g6 4. Qf3 Nf6 5. Nh3 Bg7 6. b3 O-O 7. d3 d6 8. Be3
Be6 9. Ng5 Bxc4 10. bxc4 Nd7 11. Qh3 Nf6 12. O-O Nh5 13. g4 Nf4 14. Qxh7# 1-0

[Event "AUTO-INT-1667"]
[Site "http://www.queenalice.com/game.php?id=758234"]
[Date "2010.4.8"]
[Round "1"]
[White "code_5541"]
[Black "naves"]
[Result "1-0"]
[WhiteElo "1707"]
[BlackElo "1455"]

1. e4 e5 2. Nf3 d6 3. c4 Na6 4. Nc3 b6 5. d3 Nc5 6. b4 Nd7 7. Be3 Bb7 8. Be2 h5
9. h3 Nb8 10. a4 a5 11. b5 Nf6 12. Bg5 Nbd7 13. d4 h4 14. Bxh4 Be7 15. dxe5 Nxe4
16. Bxe7 Qxe7 17. Nxe4 Bxe4 18. exd6 cxd6 19. O-O O-O 20. Re1 Rac8 21. Nd2 Bb7
22. Bf3 Ne5 23. Rc1 Qg5 24. Bxb7 f5 25. Bxc8 Rxc8 26. Nf3 Qf6 27. Nxe5 dxe5 28.
Qd5+ Kf8 29. Qxe5 Qg5 30. Qd6+ Kf7 31. Qe6+ Kf8 32. Qxc8+ Kf7 33. Qe6+ 1-0

[Event "AUTO-INT-1667"]
[Site "http://www.queenalice.com/game.php?id=758235"]
[Date "2010.4.8"]
[Round "1"]
[White "naves"]
[Black "kookaburra"]
[Result "0-1"]
[WhiteElo "1465"]
[BlackElo "2135"]

1. e4 d5 2. Qf3 dxe4 3. Qxe4 Nf6 4. Qe3 Nc6 5. Nf3 Ng4 6. Qc3 e5 7. Bb5 Bd6 8.
d3 O-O 9. O-O Nd4 10. Bg5 Nxf3+ 11. gxf3 Qxg5 12. fxg4 Qxg4+ 13. Kh1 Qf3+ 14.
Kg1 Bh3 15. Bc6 bxc6 16. Qxc6 Qxc6 17. f3 Bxf1 18. Kxf1 Qxf3+ 19. Ke1 e4 20. Nd2
Qe3+ 21. Kd1 exd3 22. cxd3 Bf4 23. Kc2 Qxd2+ 24. Kb3 Rab8+ 25. Ka3 Qb4# 0-1

[Event "AUTO-INT-1667"]
[Site "http://www.queenalice.com/game.php?id=758236"]
[Date "2010.4.8"]
[Round "1"]
[White "kookaburra"]
[Black "naves"]
[Result "1-0"]
[WhiteElo "2134"]
[BlackElo "1441"]

1. e4 e5 2. Nf3 Qf6 3. Nc3 d6 4. d4 Bg4 5. Nd5 Qg6 6. Nxc7+ Kd8 7. Nxa8 Qxe4+ 8.
Be3 exd4 9. Qxd4 Nf6 10. O-O-O Nc6 11. Qxe4 Nxe4 12. Bb5 Nb4 13. Bxa7 g6 14. Rd4
Bh6+ 15. Kb1 Re8 16. Bxe8 Bf5 17. Rxb4 Kxe8 18. Rxb7 Nxf2 19. Bxf2 Be4 20. Re1
d5 21. Nc7+ Kf8 22. Bc5+ Kg7 23. Bd4+ Kg8 24. Ng5 Bxg5 25. Rb8+ Bd8 26. Rxd8#
1-0